Statistiche per Stemmi Squadre di calcio - UEFA - Quiz n°29

Clicka qui per fare il quiz!

Statistiche generali

  • Questo quiz è stato fatto 47 volte
  • Il punteggio medio è 8 su 10

Statistiche sulle risposte

Risposta% Corretto
Novara Football Club
100%
Association Sportive de Monaco Football Club
98%
Juventus Football Club
98%
Unione Sportiva Salernitana 1919
93%
Hertha Berliner Sport-Club
83%
Athlītikos Podosfairikos Omilos Apollōn Lemesou
78%
Koninklijke Atletiek Associatie Gent
78%
Derby County Football Club
71%
Vitória Sport Clube
49%
Brøndbyernes Idrætsforening
39%

Distribuzione punteggi

Percentile per numero di risposta

Percentuale di utenti per punteggio

I tuoi punteggi nel tempo

Non hai fatto questo quiz